[Event "Team Championship (men blitz)"]
[Site "Sochi"]
[Date "2017.10.05"]
[Round "8.3"]
[White "Kovalev, Vladislav"]
[Black "Riazantsev, Alexander"]
[Result "0-1"]
[LiveChessVersion "1.4.8"]
[BlackElo "2670"]
[WhiteElo "2527"]

1. e4 {[%clk 0:03:03]} c6 {[%clk 0:03:04]} 2. d4 d5 3. exd5 {[%clk 0:03:06]} cxd5
4. Bd3 Nc6 {[%clk 0:03:08]} 5. c3 {[%clk 0:03:09]} e6 {[%clk 0:03:10]} 6. Ne2
{[%clk 0:03:01]} Bd6 {[%clk 0:03:10]} 7. Nd2 {[%clk 0:02:57]} Nge7
{[%clk 0:03:06]} 8. f4 {[%clk 0:02:47]} O-O {[%clk 0:02:58]} 9. Nf3
{[%clk 0:02:48]} f6 {[%clk 0:03:00]} 10. O-O {[%clk 0:02:46]} Bd7
{[%clk 0:03:01]} 11. Qc2 {[%clk 0:02:30]} h6 {[%clk 0:03:02]} 12. Bd2
{[%clk 0:02:22]} Rc8 {[%clk 0:03:00]} 13. a3 {[%clk 0:02:22]} Na5
{[%clk 0:02:51]} 14. Rae1 {[%clk 0:02:17]} Nc4 {[%clk 0:02:52]} 15. Bc1
{[%clk 0:02:19]} b5 {[%clk 0:02:41]} 16. Ng3 {[%clk 0:01:59]} a5 {[%clk 0:02:42]}
17. f5 {[%clk 0:01:46]} Bxg3 {[%clk 0:02:42]} 18. fxe6 {[%clk 0:01:26]} Bxe1
{[%clk 0:02:43]} 19. exd7 {[%clk 0:01:27]} Qxd7 {[%clk 0:02:40]} 20. Rxe1
{[%clk 0:01:28]} Rce8 {[%clk 0:01:57]} 21. Bh7+ {[%clk 0:01:07]} Kh8 22. Nh4 g5
{[%clk 0:02:01]} 23. Rxe7 Rxe7 24. Ng6+ Kg7 25. Nxf8 {[%clk 0:00:41]} Kxf8
{[%clk 0:02:05]} 26. Bf5 {[%clk 0:00:24]} Re1+ 27. Kf2 Rxc1 {[%clk 0:02:07]} 0-1

[Event "Team Championship (men blitz)"]
[Site "Sochi"]
[Date "2017.10.05"]
[Round "8.4"]
[White "Rublevsky, Sergei"]
[Black "Yuffa, Daniil"]
[Result "1/2-1/2"]
[LiveChessVersion "1.4.8"]
[BlackElo "2542"]
[WhiteElo "2643"]

1. e4 {[%clk 0:03:03]} Nf6 {[%clk 0:03:04]} 2. e5 {[%clk 0:03:04]} Nd5
{[%clk 0:03:05]} 3. d4 {[%clk 0:03:05]} d6 {[%clk 0:03:07]} 4. Nf3
{[%clk 0:03:06]} dxe5 {[%clk 0:03:07]} 5. Nxe5 {[%clk 0:03:06]} c6
{[%clk 0:03:08]} 6. Be2 {[%clk 0:03:05]} Bf5 {[%clk 0:03:09]} 7. O-O
{[%clk 0:02:57]} Nd7 {[%clk 0:03:10]} 8. Nf3 {[%clk 0:02:58]} e6 {[%clk 0:03:11]}
9. c4 {[%clk 0:02:55]} N5f6 {[%clk 0:03:12]} 10. Nc3 {[%clk 0:02:54]} Bd6
{[%clk 0:03:13]} 11. d5 {[%clk 0:02:45]} cxd5 {[%clk 0:03:08]} 12. cxd5
{[%clk 0:02:46]} e5 {[%clk 0:03:09]} 13. Nb5 {[%clk 0:02:46]} Bb8
{[%clk 0:03:10]} 14. d6 {[%clk 0:02:31]} a6 {[%clk 0:03:03]} 15. Nc3
{[%clk 0:02:32]} O-O {[%clk 0:02:58]} 16. Bg5 {[%clk 0:02:31]} h6
{[%clk 0:02:55]} 17. Bh4 {[%clk 0:02:32]} Qb6 {[%clk 0:02:51]} 18. Bxf6
{[%clk 0:02:04]} Nxf6 {[%clk 0:02:45]} 19. Nxe5 {[%clk 0:02:04]} Qxd6
{[%clk 0:02:44]} 20. Qxd6 {[%clk 0:02:04]} Bxd6 {[%clk 0:02:45]} 21. Nc4
{[%clk 0:02:05]} Bc7 {[%clk 0:02:45]} 22. Ne3 {[%clk 0:02:03]} Be6
{[%clk 0:02:35]} 23. Bf3 {[%clk 0:02:03]} Rab8 {[%clk 0:02:26]} 24. Ned5
{[%clk 0:01:54]} Nxd5 {[%clk 0:02:24]} 25. Bxd5 {[%clk 0:01:50]} Rfe8
{[%clk 0:02:06]} 26. Bxe6 {[%clk 0:01:48]} Rxe6 {[%clk 0:02:07]} 27. Rfe1
{[%clk 0:01:46]} Rbe8 {[%clk 0:02:06]} 28. Rxe6 {[%clk 0:01:40]} Rxe6
{[%clk 0:02:07]} 29. Kf1 {[%clk 0:01:36]} Be5 {[%clk 0:02:07]} 30. g3
{[%clk 0:01:28]} Bxc3 {[%clk 0:02:02]} 31. bxc3 {[%clk 0:01:29]} Rc6
{[%clk 0:02:02]} 32. Rc1 {[%clk 0:01:28]} Rc4 {[%clk 0:02:03]} 33. Ke2
{[%clk 0:01:28]} g5 {[%clk 0:01:57]} 34. Kd3 {[%clk 0:01:26]} b5 {[%clk 0:01:58]}
35. Kc2 {[%clk 0:01:10]} Kg7 {[%clk 0:01:52]} 36. Kb3 {[%clk 0:01:08]} Kf6
{[%clk 0:01:50]} 37. Re1 {[%clk 0:01:09]} Kf5 {[%clk 0:01:37]} 38. Re7
{[%clk 0:01:05]} f6 {[%clk 0:01:36]} 39. Rh7 {[%clk 0:01:05]} Kg6
{[%clk 0:01:28]} 40. Re7 {[%clk 0:01:04]} Kf5 {[%clk 0:01:27]} 41. Rh7 1/2-1/2

[Event "Team Championship (men blitz)"]
[Site "Sochi"]
[Date "2017.10.05"]
[Round "8.5"]
[White "Rakhmanov, Aleksandr"]
[Black "Alekseenko, Kirill"]
[Result "1/2-1/2"]
[LiveChessVersion "1.4.8"]
[BlackElo "2586"]
[WhiteElo "2600"]

1. c4 {[%clk 0:03:03]} e5 {[%clk 0:03:02]} 2. Nf3 {[%clk 0:03:05]} d6
{[%clk 0:03:04]} 3. d4 {[%clk 0:03:05]} e4 {[%clk 0:03:04]} 4. Ng5
{[%clk 0:03:06]} f5 {[%clk 0:03:03]} 5. Nh3 {[%clk 0:03:02]} Be7 {[%clk 0:03:03]}
6. Nc3 {[%clk 0:03:02]} Nf6 {[%clk 0:03:04]} 7. Bg5 {[%clk 0:03:02]} O-O
{[%clk 0:03:04]} 8. e3 {[%clk 0:03:00]} c5 {[%clk 0:03:05]} 9. dxc5
{[%clk 0:02:55]} dxc5 {[%clk 0:03:07]} 10. Qxd8 {[%clk 0:02:53]} Rxd8
{[%clk 0:03:05]} 11. Nf4 {[%clk 0:02:52]} Nc6 {[%clk 0:02:52]} 12. Be2
{[%clk 0:02:51]} h6 {[%clk 0:02:50]} 13. Bxf6 {[%clk 0:02:51]} Bxf6
{[%clk 0:02:52]} 14. Nfd5 {[%clk 0:02:49]} Be5 {[%clk 0:02:49]} 15. O-O-O
{[%clk 0:02:39]} Be6 {[%clk 0:02:45]} 16. h4 {[%clk 0:02:18]} Rd7
{[%clk 0:02:32]} 17. Rd2 {[%clk 0:02:04]} Rad8 {[%clk 0:02:32]} 18. Rhd1
{[%clk 0:02:05]} Kf7 {[%clk 0:02:17]} 19. g3 {[%clk 0:02:02]} Nb4
{[%clk 0:02:06]} 20. a3 {[%clk 0:01:29]} Nc6 {[%clk 0:02:05]} 21. Kc2
{[%clk 0:01:24]} g6 {[%clk 0:02:00]} 22. Na4 {[%clk 0:01:03]} b6 {[%clk 0:01:59]}
23. Nac3 {[%clk 0:01:04]} Ne7 {[%clk 0:01:52]} 24. Nxe7 {[%clk 0:00:48]} Rxd2+
{[%clk 0:01:49]} 25. Rxd2 {[%clk 0:00:49]} Rxd2+ {[%clk 0:01:49]} 26. Kxd2
{[%clk 0:00:50]} Kxe7 {[%clk 0:01:51]} 27. Kc2 {[%clk 0:00:49]} g5
{[%clk 0:01:46]} 28. hxg5 {[%clk 0:00:50]} hxg5 {[%clk 0:01:47]} 29. b3
{[%clk 0:00:44]} Bxc3 {[%clk 0:00:55]} 1/2-1/2

[Event "Team Championship (men blitz)"]
[Site "Sochi"]
[Date "2017.10.05"]
[Round "8.6"]
[White "Alekseev, Evgeny"]
[Black "Rozum, Ivan"]
[Result "1-0"]
[LiveChessVersion "1.4.8"]
[BlackElo "2553"]
[WhiteElo "2636"]

1. d4 {[%clk 0:03:03]} Nf6 {[%clk 0:03:03]} 2. Bf4 {[%clk 0:03:04]} e6
{[%clk 0:03:02]} 3. e3 {[%clk 0:03:05]} b6 {[%clk 0:03:03]} 4. Nd2
{[%clk 0:03:04]} Bb7 {[%clk 0:03:04]} 5. c3 {[%clk 0:03:03]} Be7 {[%clk 0:03:02]}
6. h3 {[%clk 0:03:01]} d6 {[%clk 0:03:00]} 7. Ngf3 {[%clk 0:03:02]} Nbd7
{[%clk 0:03:01]} 8. Bh2 {[%clk 0:02:53]} O-O {[%clk 0:03:00]} 9. Bd3
{[%clk 0:02:54]} Re8 {[%clk 0:02:57]} 10. O-O {[%clk 0:02:54]} Bf8
{[%clk 0:02:59]} 11. e4 {[%clk 0:02:54]} e5 {[%clk 0:02:59]} 12. Re1
{[%clk 0:02:55]} g6 {[%clk 0:02:35]} 13. Qc2 {[%clk 0:02:56]} Bg7
{[%clk 0:02:36]} 14. Rad1 {[%clk 0:02:57]} Qe7 {[%clk 0:02:36]} 15. dxe5
{[%clk 0:02:31]} dxe5 {[%clk 0:02:32]} 16. Nc4 {[%clk 0:02:32]} Nh5
{[%clk 0:02:32]} 17. b4 {[%clk 0:02:31]} Nf4 {[%clk 0:02:31]} 18. Bf1
{[%clk 0:02:30]} Rad8 {[%clk 0:02:25]} 19. a4 {[%clk 0:02:15]} f6
{[%clk 0:02:05]} 20. Ne3 {[%clk 0:02:09]} Ne6 {[%clk 0:01:57]} 21. Nd5
{[%clk 0:02:00]} Qf7 {[%clk 0:01:57]} 22. Bc4 {[%clk 0:01:59]} Ndf8
{[%clk 0:01:58]} 23. a5 {[%clk 0:01:43]} Rd7 {[%clk 0:02:00]} 24. axb6
{[%clk 0:01:35]} axb6 {[%clk 0:02:01]} 25. Ne3 {[%clk 0:01:04]} Red8
{[%clk 0:02:01]} 26. Rxd7 Rxd7 {[%clk 0:02:02]} 27. Nf5 {[%clk 0:00:58]} gxf5
{[%clk 0:01:51]} 28. exf5 {[%clk 0:00:58]} Bd5 {[%clk 0:01:48]} 29. fxe6
{[%clk 0:00:48]} Nxe6 {[%clk 0:01:37]} 30. Bxd5 {[%clk 0:00:42]} Rxd5
{[%clk 0:01:38]} 31. Nh4 {[%clk 0:00:42]} Bf8 {[%clk 0:01:35]} 32. Nf5
{[%clk 0:00:42]} Qd7 {[%clk 0:01:20]} 33. Qe4 {[%clk 0:00:34]} Rd1
{[%clk 0:01:13]} 34. Qg4+ {[%clk 0:00:35]} 1-0

[Event "Team Championship (men blitz)"]
[Site "Sochi"]
[Date "2017.10.05"]
[Round "8.7"]
[White "Moiseenko, Vadim"]
[Black "Usmanov, Vasily"]
[Result "1-0"]
[LiveChessVersion "1.4.8"]
[BlackElo "2441"]
[WhiteElo "2497"]

1. d4 {[%clk 0:03:04]} Nf6 {[%clk 0:03:02]} 2. c4 {[%clk 0:03:05]} e6
{[%clk 0:03:04]} 3. Nc3 {[%clk 0:03:06]} d5 {[%clk 0:03:05]} 4. cxd5
{[%clk 0:03:06]} exd5 {[%clk 0:03:06]} 5. Bg5 {[%clk 0:03:07]} c6
{[%clk 0:03:06]} 6. e3 {[%clk 0:03:08]} Bf5 {[%clk 0:03:07]} 7. Qf3
{[%clk 0:03:09]} Bg6 {[%clk 0:03:08]} 8. Bxf6 {[%clk 0:03:11]} Qxf6
{[%clk 0:03:09]} 9. Qxf6 {[%clk 0:03:11]} gxf6 {[%clk 0:03:10]} 10. Nge2
{[%clk 0:03:08]} Nd7 {[%clk 0:03:11]} 11. h4 {[%clk 0:03:03]} h5 {[%clk 0:03:10]}
12. g3 {[%clk 0:02:57]} a5 {[%clk 0:03:02]} 13. Bh3 {[%clk 0:02:53]} Nb6
{[%clk 0:02:56]} 14. a4 {[%clk 0:02:35]} Bb4 {[%clk 0:02:39]} 15. Kd2
{[%clk 0:02:12]} Ke7 {[%clk 0:02:15]} 16. b3 {[%clk 0:02:08]} Nc8
{[%clk 0:02:04]} 17. Kc1 {[%clk 0:02:05]} Nd6 {[%clk 0:02:03]} 18. Kb2
{[%clk 0:02:07]} Ne4 {[%clk 0:01:33]} 19. Nxe4 {[%clk 0:02:05]} Bxe4
{[%clk 0:01:34]} 20. Rhg1 {[%clk 0:01:47]} Bf3 {[%clk 0:01:25]} 21. Nf4
{[%clk 0:01:45]} Bd6 {[%clk 0:01:13]} 22. Bg2 {[%clk 0:01:39]} Bxg2
{[%clk 0:01:07]} 23. Nxg2 {[%clk 0:01:40]} f5 {[%clk 0:01:07]} 24. Ne1
{[%clk 0:01:36]} Ke6 {[%clk 0:00:59]} 25. Nd3 {[%clk 0:01:37]} Rhg8
{[%clk 0:00:55]} 26. Rac1 {[%clk 0:01:37]} Kf6 {[%clk 0:00:55]} 27. Rge1
{[%clk 0:01:34]} Ra7 {[%clk 0:00:50]} 28. Rc2 {[%clk 0:01:31]} Raa8
{[%clk 0:00:51]} 29. Kc1 {[%clk 0:01:23]} Ba3+ {[%clk 0:00:51]} 30. Kd1
{[%clk 0:01:23]} Bd6 {[%clk 0:00:52]} 31. Ke2 {[%clk 0:01:24]} Ra6
{[%clk 0:00:49]} 32. Rb1 {[%clk 0:01:13]} Rb6 {[%clk 0:00:41]} 33. Kd2
{[%clk 0:00:53]} Ra6 {[%clk 0:00:40]} 34. Ke2 {[%clk 0:00:37]} Raa8
{[%clk 0:00:40]} 35. Ne1 {[%clk 0:00:37]} Ra6 {[%clk 0:00:41]} 36. Nf3
{[%clk 0:00:38]} Rb6 {[%clk 0:00:41]} 37. Nd2 {[%clk 0:00:37]} Rb4
{[%clk 0:00:39]} 38. Kd3 {[%clk 0:00:37]} Rb6 {[%clk 0:00:39]} 39. Nf3
{[%clk 0:00:35]} Re8 {[%clk 0:00:38]} 40. Ng5 {[%clk 0:00:34]} Ra8
{[%clk 0:00:35]} 41. Nf3 {[%clk 0:00:32]} Rb4 {[%clk 0:00:35]} 42. Nd2
{[%clk 0:00:23]} Ra6 {[%clk 0:00:35]} 43. Ke2 {[%clk 0:00:20]} Rab6
{[%clk 0:00:35]} 44. Rcb2 {[%clk 0:00:19]} Ke6 {[%clk 0:00:33]} 45. Nf3
{[%clk 0:00:18]} Ra6 {[%clk 0:00:32]} 46. Ne1 {[%clk 0:00:18]} Ra8
{[%clk 0:00:32]} 47. Nd3 {[%clk 0:00:19]} Rb6 {[%clk 0:00:34]} 48. Rc2
{[%clk 0:00:19]} Kf6 {[%clk 0:00:35]} 49. Kf3 {[%clk 0:00:19]} Rba6
{[%clk 0:00:35]} 50. Nc5 {[%clk 0:00:13]} Bxc5 {[%clk 0:00:25]} 51. dxc5
{[%clk 0:00:14]} Re8 {[%clk 0:00:23]} 52. b4 {[%clk 0:00:15]} axb4
{[%clk 0:00:18]} 53. Rxb4 {[%clk 0:00:16]} Ra7 {[%clk 0:00:13]} 54. Rcb2
{[%clk 0:00:18]} Re4 {[%clk 0:00:15]} 55. Rxb7 {[%clk 0:00:17]} Rexa4
{[%clk 0:00:14]} 56. Rxa7 {[%clk 0:00:10]} Rxa7 57. Rb6 {[%clk 0:00:12]} Rc7
{[%clk 0:00:17]} 58. Kf4 {[%clk 0:00:13]} Rc8 {[%clk 0:00:18]} 59. Rb7
{[%clk 0:00:14]} Re8 {[%clk 0:00:19]} 60. Rc7 {[%clk 0:00:14]} Re4+ 61. Kf3 Re6
{[%clk 0:00:22]} 62. Rd7 {[%clk 0:00:15]} Re4 {[%clk 0:00:14]} 63. Rd6+ Re6 64.
Rd8 {[%clk 0:00:15]} Re4 {[%clk 0:00:15]} 65. Rc8 {[%clk 0:00:16]} Re6
{[%clk 0:00:17]} 66. Rh8 {[%clk 0:00:14]} Kg6 {[%clk 0:00:16]} 67. Rg8+
{[%clk 0:00:14]} Kf6 {[%clk 0:00:15]} 68. Rg5 {[%clk 0:00:15]} Re4
{[%clk 0:00:15]} 69. Rxh5 {[%clk 0:00:16]} Kg6 {[%clk 0:00:15]} 70. Rg5+
{[%clk 0:00:12]} Kf6 {[%clk 0:00:16]} 71. Rg8 {[%clk 0:00:12]} Rc4
{[%clk 0:00:14]} 72. h5 {[%clk 0:00:13]} Rc1 {[%clk 0:00:13]} 73. h6
{[%clk 0:00:13]} Rh1 {[%clk 0:00:15]} 74. Rc8 {[%clk 0:00:15]} Ke5
{[%clk 0:00:08]} 75. Rxc6 {[%clk 0:00:14]} f6 {[%clk 0:00:10]} 76. Rc7
{[%clk 0:00:10]} Rxh6 {[%clk 0:00:10]} 77. Re7# {[%clk 0:00:12]} Ke4+ 78. Kxe4
1-0

[Event "Team Championship (men blitz)"]
[Site "Sochi"]
[Date "2017.10.05"]
[Round "8.8"]
[White "Palchun, Grigory"]
[Black "Gogolev, Artem"]
[Result "0-1"]
[LiveChessVersion "1.4.8"]
[BlackElo "2330"]
[WhiteElo "2319"]

1. d4 {[%clk 0:03:03]} Nf6 {[%clk 0:03:03]} 2. Bf4 {[%clk 0:03:04]} g6
{[%clk 0:03:04]} 3. Nf3 {[%clk 0:03:05]} d6 {[%clk 0:03:05]} 4. e3
{[%clk 0:03:05]} Bg7 {[%clk 0:03:06]} 5. h3 {[%clk 0:03:05]} O-O {[%clk 0:03:06]}
6. Be2 {[%clk 0:03:06]} c5 {[%clk 0:03:07]} 7. c3 {[%clk 0:03:05]} Nc6
{[%clk 0:03:03]} 8. O-O {[%clk 0:03:01]} cxd4 {[%clk 0:02:58]} 9. exd4
{[%clk 0:03:01]} Nd5 {[%clk 0:02:52]} 10. Bh2 {[%clk 0:02:58]} e5
{[%clk 0:02:52]} 11. Nbd2 {[%clk 0:02:41]} exd4 {[%clk 0:02:49]} 12. cxd4
{[%clk 0:02:38]} Nde7 {[%clk 0:02:05]} 13. Nc4 {[%clk 0:02:33]} d5
{[%clk 0:02:06]} 14. Nce5 {[%clk 0:02:27]} Nf5 {[%clk 0:02:06]} 15. Nxc6
{[%clk 0:02:25]} bxc6 {[%clk 0:02:07]} 16. Rc1 {[%clk 0:02:19]} Qb6
{[%clk 0:02:08]} 17. Be5 {[%clk 0:02:02]} Qxb2 {[%clk 0:01:57]} 18. Bxg7
{[%clk 0:01:49]} Kxg7 {[%clk 0:01:55]} 19. Rxc6 {[%clk 0:01:34]} Qxa2
{[%clk 0:01:55]} 20. Bd3 {[%clk 0:01:30]} Qa5 {[%clk 0:01:21]} 21. Qe2
{[%clk 0:01:21]} Kg8 {[%clk 0:00:59]} 22. Qe5 {[%clk 0:01:13]} Ng7
{[%clk 0:00:45]} 23. Rc5 {[%clk 0:01:09]} Qa3 {[%clk 0:00:46]} 24. Be2
{[%clk 0:00:53]} Be6 {[%clk 0:00:35]} 25. Nd2 {[%clk 0:00:39]} Rae8
{[%clk 0:00:32]} 26. Qd6 {[%clk 0:00:29]} Bxh3 27. Bf3 Rd8 {[%clk 0:00:26]} 28.
Qg3 {[%clk 0:00:29]} Be6 {[%clk 0:00:26]} 29. Rfc1 {[%clk 0:00:26]} Nf5
{[%clk 0:00:27]} 30. Qf4 {[%clk 0:00:26]} Rc8 {[%clk 0:00:25]} 31. Nf1
{[%clk 0:00:24]} Qb4 {[%clk 0:00:15]} 32. Rxc8 {[%clk 0:00:20]} Rxc8
{[%clk 0:00:16]} 33. Rxc8+ Bxc8 {[%clk 0:00:17]} 34. Bxd5 {[%clk 0:00:20]} Qxd4
{[%clk 0:00:16]} 35. Qc7 {[%clk 0:00:18]} Qxd5 {[%clk 0:00:15]} 36. Qxc8+
{[%clk 0:00:19]} Kg7 {[%clk 0:00:17]} 37. Qa6 {[%clk 0:00:16]} Qd4
{[%clk 0:00:17]} 38. Qa5 {[%clk 0:00:13]} h5 {[%clk 0:00:15]} 39. g3
{[%clk 0:00:10]} h4 {[%clk 0:00:11]} 40. Kg2 {[%clk 0:00:11]} Qe4+ 41. Kh2
{[%clk 0:00:10]} Qe2 {[%clk 0:00:06]} 42. Kg1 {[%clk 0:00:06]} hxg3
{[%clk 0:00:06]} 43. fxg3 {[%clk 0:00:05]} Qe4 {[%clk 0:00:07]} 44. Qxa7
{[%clk 0:00:05]} Qf3 {[%clk 0:00:07]} 45. Qf2 {[%clk 0:00:04]} Qg4
{[%clk 0:00:08]} 46. Ne3 {[%clk 0:00:05]} Qxg3+ {[%clk 0:00:09]} 47. Qxg3
{[%clk 0:00:04]} Nxg3 {[%clk 0:00:10]} 48. Kg2 {[%clk 0:00:06]} Nf5
{[%clk 0:00:11]} 49. Nd5 {[%clk 0:00:06]} f6 {[%clk 0:00:12]} 50. Kf3
{[%clk 0:00:07]} Nd6 {[%clk 0:00:13]} 51. Kf4 {[%clk 0:00:08]} Nf7
{[%clk 0:00:14]} 52. Kg4 {[%clk 0:00:09]} f5+ {[%clk 0:00:14]} 53. Kf4
{[%clk 0:00:10]} Nd6 {[%clk 0:00:14]} 54. Ne3 {[%clk 0:00:09]} Kf6
{[%clk 0:00:15]} 55. Nd5+ {[%clk 0:00:11]} Ke6 {[%clk 0:00:16]} 56. Nc7+
{[%clk 0:00:12]} Kf7 {[%clk 0:00:16]} 57. Nd5 {[%clk 0:00:13]} Ne4
{[%clk 0:00:17]} 58. Ne3 {[%clk 0:00:13]} Kf6 {[%clk 0:00:17]} 59. Nd5+
{[%clk 0:00:14]} Ke6 {[%clk 0:00:18]} 60. Nc7+ {[%clk 0:00:14]} Kd6
{[%clk 0:00:19]} 61. Ne8+ {[%clk 0:00:13]} Ke7 {[%clk 0:00:19]} 62. Ng7
{[%clk 0:00:12]} Kf6 {[%clk 0:00:17]} 63. Ne8+ {[%clk 0:00:13]} Kf7
{[%clk 0:00:17]} 64. Nc7 {[%clk 0:00:14]} Nf6 {[%clk 0:00:16]} 65. Kg5
{[%clk 0:00:13]} Nh7+ {[%clk 0:00:17]} 66. Kf4 {[%clk 0:00:11]} Nf8
{[%clk 0:00:18]} 67. Nd5 {[%clk 0:00:10]} Ne6+ {[%clk 0:00:18]} 68. Ke5
{[%clk 0:00:11]} Nc5 {[%clk 0:00:18]} 69. Ne3 {[%clk 0:00:11]} Nd3+
{[%clk 0:00:18]} 70. Kd4 {[%clk 0:00:11]} Nf2 {[%clk 0:00:18]} 71. Nd5
{[%clk 0:00:06]} Ke6 {[%clk 0:00:19]} 72. Nf4+ {[%clk 0:00:07]} Kf6
{[%clk 0:00:20]} 73. Nd5+ {[%clk 0:00:06]} Kg5 {[%clk 0:00:21]} 74. Ke3
{[%clk 0:00:07]} Ng4+ {[%clk 0:00:22]} 75. Kf3 {[%clk 0:00:08]} Ne5+
{[%clk 0:00:22]} 76. Kg3 {[%clk 0:00:09]} Nd3 {[%clk 0:00:23]} 77. Kf3
{[%clk 0:00:10]} Nc5 {[%clk 0:00:23]} 78. Kg3 {[%clk 0:00:10]} Ne6
{[%clk 0:00:23]} 79. Kf3 {[%clk 0:00:10]} f4 {[%clk 0:00:17]} 80. Nc3
{[%clk 0:00:08]} Nd4+ {[%clk 0:00:17]} 81. Ke4 {[%clk 0:00:09]} Nf5
{[%clk 0:00:18]} 82. Ne2 {[%clk 0:00:07]} Ng3+ {[%clk 0:00:19]} 0-1

[Event "Team Championship (men blitz)"]
[Site "Sochi"]
[Date "2017.10.05"]
[Round "8.10"]
[White "Pridorozhni, Aleksei"]
[Black "Morozevich, Alexander"]
[Result "1-0"]
[LiveChessVersion "1.4.8"]
[BlackElo "2642"]
[WhiteElo "2671"]

1. e4 {[%clk 0:03:03]} e6 {[%clk 0:03:03]} 2. d4 {[%clk 0:03:03]} d5
{[%clk 0:03:04]} 3. Nc3 {[%clk 0:03:04]} Nf6 {[%clk 0:03:04]} 4. Bg5
{[%clk 0:03:04]} Be7 {[%clk 0:02:58]} 5. e5 {[%clk 0:03:01]} Nfd7
{[%clk 0:02:59]} 6. h4 {[%clk 0:03:01]} Nc6 {[%clk 0:02:59]} 7. Qd2
{[%clk 0:02:54]} f6 {[%clk 0:02:56]} 8. exf6 {[%clk 0:02:53]} Nxf6
{[%clk 0:02:57]} 9. Nf3 {[%clk 0:02:46]} O-O {[%clk 0:02:57]} 10. O-O-O
{[%clk 0:02:41]} a6 {[%clk 0:02:13]} 11. Bd3 {[%clk 0:02:19]} b5 {[%clk 0:02:14]}
12. Rde1 {[%clk 0:02:11]} b4 {[%clk 0:02:05]} 13. Ne2 {[%clk 0:02:01]} Ne4
{[%clk 0:01:55]} 14. Bxe4 {[%clk 0:02:01]} dxe4 {[%clk 0:01:56]} 15. Bxe7
{[%clk 0:02:01]} Nxe7 {[%clk 0:01:43]} 16. Ng5 {[%clk 0:02:00]} h6
{[%clk 0:01:37]} 17. Nxe4 {[%clk 0:02:00]} Qd5 {[%clk 0:01:38]} 18. f3
{[%clk 0:01:43]} Qxa2 {[%clk 0:01:38]} 19. Qxb4 {[%clk 0:01:44]} Nd5
{[%clk 0:01:05]} 20. Qa3 {[%clk 0:01:43]} Qc4 {[%clk 0:01:05]} 21. Qc5
{[%clk 0:01:30]} Qa4 {[%clk 0:00:50]} 22. N2c3 {[%clk 0:01:29]} Qd7
{[%clk 0:00:51]} 23. Nxd5 {[%clk 0:01:26]} exd5 {[%clk 0:00:52]} 24. Nc3
{[%clk 0:01:27]} c6 {[%clk 0:00:18]} 25. Re7 {[%clk 0:01:24]} Qf5
{[%clk 0:00:20]} 26. Qxc6 Qf4+ 27. Kb1 Bf5 28. Qxd5+ {[%clk 0:01:16]} Kh8
{[%clk 0:00:24]} 29. Qe5 {[%clk 0:01:16]} Qxe5 {[%clk 0:00:26]} 30. Rxe5
{[%clk 0:01:17]} a5 {[%clk 0:00:27]} 31. b3 {[%clk 0:01:15]} Rac8
{[%clk 0:00:28]} 32. Kb2 Bh7 33. Rxa5 {[%clk 0:01:14]} Rfd8 {[%clk 0:00:32]} 34.
Rd1 Rd6 35. Rd2 {[%clk 0:01:12]} Rg6 {[%clk 0:00:35]} 36. Ne4 {[%clk 0:01:12]}
Rgc6 {[%clk 0:00:36]} 37. Rc5 Bg8 38. Rxc6 Rxc6 39. d5 {[%clk 0:01:14]} Rc8
{[%clk 0:00:41]} 40. c4 {[%clk 0:01:15]} g6 {[%clk 0:00:43]} 41. Kc3
{[%clk 0:01:14]} Kg7 {[%clk 0:00:45]} 42. b4 {[%clk 0:01:15]} 1-0

[Event "Team Championship (men blitz)"]
[Site "Sochi"]
[Date "2017.10.05"]
[Round "8.11"]
[White "Savchenko, Boris"]
[Black "Jakovenko, Dmitry"]
[Result "1/2-1/2"]
[LiveChessVersion "1.4.8"]
[BlackElo "2589"]
[WhiteElo "2630"]

1. e4 {[%clk 0:03:03]} e5 {[%clk 0:03:04]} 2. Nf3 {[%clk 0:03:04]} Nc6
{[%clk 0:03:05]} 3. Bc4 {[%clk 0:03:05]} Bc5 {[%clk 0:03:06]} 4. c3
{[%clk 0:03:06]} Nf6 {[%clk 0:03:08]} 5. d3 {[%clk 0:03:07]} O-O {[%clk 0:03:08]}
6. Nbd2 {[%clk 0:03:02]} d5 {[%clk 0:03:05]} 7. exd5 {[%clk 0:03:02]} Nxd5
{[%clk 0:03:05]} 8. Ne4 {[%clk 0:03:00]} Be7 {[%clk 0:02:58]} 9. O-O
{[%clk 0:02:57]} Bg4 {[%clk 0:02:50]} 10. h3 {[%clk 0:02:56]} Bh5
{[%clk 0:02:51]} 11. Ng3 {[%clk 0:02:53]} Bg6 {[%clk 0:02:49]} 12. Re1
{[%clk 0:02:54]} Re8 {[%clk 0:01:59]} 13. a4 {[%clk 0:02:24]} Bf8
{[%clk 0:01:48]} 14. a5 {[%clk 0:02:23]} Rb8 {[%clk 0:01:30]} 15. Qb3
{[%clk 0:02:03]} Nf4 {[%clk 0:01:26]} 16. d4 {[%clk 0:01:52]} Nd3
{[%clk 0:01:24]} 17. Bxd3 {[%clk 0:01:51]} Bxd3 {[%clk 0:01:25]} 18. dxe5
{[%clk 0:01:37]} Qe7 {[%clk 0:01:25]} 19. Qa4 {[%clk 0:01:17]} a6
{[%clk 0:01:21]} 20. Qg4 {[%clk 0:00:58]} Qe6 {[%clk 0:01:20]} 21. Bf4
{[%clk 0:00:52]} h6 {[%clk 0:01:15]} 22. Red1 {[%clk 0:00:48]} Bh7
{[%clk 0:00:51]} 23. Nh5 {[%clk 0:00:33]} Qxg4 {[%clk 0:00:49]} 24. hxg4
{[%clk 0:00:34]} Red8 {[%clk 0:00:44]} 25. b4 {[%clk 0:00:34]} Bc2
{[%clk 0:00:42]} 26. Rxd8 {[%clk 0:00:26]} Rxd8 {[%clk 0:00:44]} 27. e6
{[%clk 0:00:25]} fxe6 {[%clk 0:00:43]} 28. Bxc7 {[%clk 0:00:26]} Rd1+
{[%clk 0:00:36]} 29. Rxd1 {[%clk 0:00:26]} Bxd1 {[%clk 0:00:37]} 30. Nf4
{[%clk 0:00:22]} Kf7 {[%clk 0:00:36]} 31. Nd3 {[%clk 0:00:23]} g5
{[%clk 0:00:28]} 32. Kf1 {[%clk 0:00:18]} Bg7 {[%clk 0:00:29]} 33. Nfe5+
{[%clk 0:00:18]} Nxe5 {[%clk 0:00:28]} 34. Nxe5+ {[%clk 0:00:16]} Bxe5
{[%clk 0:00:28]} 1/2-1/2